1426 1580 1107 1090 1456 1848 1097 1341 1233 1141 1231 1565 1099 1836 1432 1895 1557 1457 1391 1022 1513 1991 1283 1306 1860 1355 1606 1408 1000 1335 1014 1292 1703 1236 1295 1941 1128 1417 1263 1929 1171 1213 1203 1483 1865 1636 1046 1451 1677 1843 1946 1780 1714 1486 1921 1099 1699 1870 1933 1105 1170 1677 1670 1967 1815 1318 1592 1834 1294 1282 1735 1307 1694 1335 1530 1424 1182 1917 1228 1197 1692 1802 1612 1589 1956 1120 1253 1124 1605 1574 1900 1834 1098 1933 1633 1368 1646 1608 1806 BCNSPRNW ULIB Ver.6.0+V

เปลี่ยนเป็นภาษาไทย

Change to English
 แสดงรายละเอียดบรรณานุกรม
  กลับหน้าหลัก

Brief Record : Get Marc (ISO 2709) : E-mail record : QR code < ปิดหน้าต่าง
LEADER : 00000nam 2200000uu 4500
001    13399110313
003     ULIB
008    110428s2544||||th 000 0 tha d
020    9744680989
060 04 WM284^bส556ท 2544
100 0  สันติ จัยสิน
245 10 เทคนิคการเผยแพร่ความรู้เพื่อป้องกันยาเสพติด /^cสันติ จัยสิน ... [และคนอื่นๆ]
260    กรุงเทพฯ :^bประสานมิตร,^c2544
300    236 หน้า:^bภาพประกอบ, ตาราง
504    บรรณานุกรม: หน้า 235-236
650  2 Narcotics^xPrevention & control
945    ^p120^l0^i017061
945    ^p120^l0^i017210
995    ทศพร
999 ^a ใช้งานได้ทุกระบบ
รายการนี้ยังไม่มีแท็ก
คุณยังไม่ได้ล็อกอิน คุณสามารถมีกิจกรรมร่วมกับเว็บไซต์ได้ แต่ต้องล็อกอินก่อน ::
  ล็อกอิน

รายการสื่อสารสนเทศ

ลำดับที่ ประเภท เลขเรียก/บาร์โค้ด สถานที่ สถานะ
- ไม่พบข้อมูล -

BibComment


ยังไม่เคยถูกคอมเมนท์

คอมเมนท์ทรัพยากรรายการนี้
  คอมเมนท์: เทคนิคการเผยแพร่ค..


 Copyright 2026. Bcnsprnw @Library